Historia del derecho islámico /

Estudio de la génesis y evolución de la sharia o ley islámica, los principios y escuelas de su época clásica, los límites de su puesta en práctica y las adaptaciones a los sistemas jurídicos occidentales –a partir del siglo XIX-, así como los espacios en que sigue vigente.

Guardado en:
Detalles Bibliográficos
Autor principal: Coulson, Noel J. (autor)
Formato: Libro
Idioma:Español
Publicado: Barcelona, España : Bellaterra, 1998, c1998
Colección:(Biblioteca del Islam Contemporáneo ; 10)
Temas:
Etiquetas: Agrega una etiqueta
Sin etiquetas, Sé el primero en etiquetar este registro!

MARC

LEADER 00000nam^a2200000^a^4500
001 000188420
005 20250521000000.0
009 20260310102335.066
020 |a 84-7290-099-1 
037 |a Acervo ITESO - Biblioteca 
041 |a ESP 
082 |a 909. 097671  |b BIB V. 10 
100 |a Coulson, Noel J.  |e (autor) 
245 1 0 |a Historia del derecho islámico /  |c N.J. Coulson ; tr. por María Eugenia Eyaras. 
264 4 |a Barcelona, España :  |b Bellaterra,  |c 1998, c1998 
300 |a 252 p. 
336 |a texto  |b txt  |2 rdacontenido 
337 |a sin mediación  |b n  |2 rdamedio 
338 |a volumen  |b nc  |2 rdasoporte 
440 1 |a (Biblioteca del Islam Contemporáneo ;  |v 10) 
500 |a Traducción de: A History of Islamic Law 
520 |a Estudio de la génesis y evolución de la sharia o ley islámica, los principios y escuelas de su época clásica, los límites de su puesta en práctica y las adaptaciones a los sistemas jurídicos occidentales –a partir del siglo XIX-, así como los espacios en que sigue vigente. 
649 |a XX 
650 |a Musulmanes -  |x Condiciones Jurídicas -  |x Tema Principal 
650 |a Arabes -  |x Condiciones Jurídicas 
650 |a Derecho Islámico -  |x Historia -  |x Tema Principal 
650 |a Derecho Semítico -  |x Historia 
650 |a Sistemas Jurídicos Religiosos -  |x Historia 
650 |a Religión y Derecho -  |x Historia 
650 |a Islamismo -  |x Historia 
650 |a Religión -  |x Historia 
650 |a Edad Media -  |x Historia 
650 |a Historia Universal 
910 |a Fondo General 
920 |a Impresos - Libros 
930 |a Colección General 
905 |a 101 
901 |a 0500131013  |b IT1  |c ACC  |u 20250521 
902 |a https://opac.biblio.iteso.mx/vufind/Record/000188420